[Event "Druzynowe Mistrzostwa Polski - II Liga 2023"]
[Site "Jastrzebia Gora"]
[Date "1899-12-30"]
[Round "5.127"]
[White "Gierulski, Kamil"]
[Black "Bielinski, Dariusz"]
[Result "1-0"]
[WhiteTitle "k++"]
[BlackTitle "k+"]
[WhiteElo "2256"]
[BlackElo "2129"]

1. d4 d6 2. e4 Nf6 3. Nc3 g6 4. Bc4 Bg7 5. Nf3 c6 6. a4 O-O 7. h3 Qc7 8. O-O e5
9. Re1 a5 10. Ba2 Na6 11. d5 cxd5 12. exd5 Bd7 13. Be3 Rfc8 14. Nd2 b6 15. Bc4
Qb7 16. b3 Nc5 17. Rc1 h6 18. Qf3 Ne8 19. Bb5 f5 20. Bxc5 Rxc5 21. Bxd7 Qxd7 22.
Nc4 Rb8 23. Nb5 Kh7 24. Rcd1 h5 25. Kh1 Rb7 26. Rg1 Kg8 27. g4 hxg4 28. hxg4 f4
29. Qd3 Kf7 30. f3 Bf8 31. Nd2 Nf6 32. Ne4 Nxe4 33. Qxe4 Rb8 34. Kg2 Bg7 35. Rh1
Rh8 36. Rxh8 Bxh8 37. Rh1 Bg7 38. c4 Rc8 39. Nc3 Rh8 40. Rxh8 Bxh8 41. Qe1 Bf6
42. Ne4 Qd8 43. Qh1 Kg7 44. Kf1 Be7 45. Ke2 Bf6 46. Qg1 Be7 47. Kd3 Qc7 48. Kc3
Qa7 49. Qf2 Kf7 50. g5 Kf8 51. Qh4 Ke8 52. Qh7 b5 53. Nxd6+ Kd8 54. Qg8+ 1-0

[Event "Druzynowe Mistrzostwa Polski - II Liga 2023"]
[Site "Jastrzebia Gora"]
[Date "1899-12-30"]
[Round "5.128"]
[White "Kielbratowski, Aleksander"]
[Black "Babiarz, Arkadiusz"]
[Result "0-1"]
[WhiteTitle "I+"]
[BlackTitle "I++"]
[WhiteElo "1969"]
[BlackElo "2046"]

1. e4 c5 2. d4 cxd4 3. c3 Nf6 4. e5 Nd5 5. Nf3 e6 6. c4 Nb4 7. Bd3 N8c6 8. O-O
Nxd3 9. Qxd3 d6 10. Re1 dxe5 11. Nxe5 Bd6 12. Nf3 O-O 13. a3 e5 14. Ng5 f5 15.
c5 h6 16. Qc4+ Kh8 17. Nf7+ Rxf7 18. Qxf7 Bxc5 19. b4 Bd6 20. Nd2 b5 21. Qd5 Bb7
22. Qxb5 Rb8 23. Nc4 Bc7 24. Qc5 a6 25. Bb2 Ba8 26. Nd2 Bb6 27. Qc4 e4 28. Qe6
Qg5 29. Nc4 Bc7 30. Rad1 e3 31. f3 Qf4 32. Qg6 Qxh2+ 33. Kf1 Ne7 34. Qf7 Bxf3
35. Nxe3 Bg3 36. Qxg7+ Kxg7 37. Bxd4+ Kh7 0-1

[Event "Druzynowe Mistrzostwa Polski - II Liga 2023"]
[Site "Jastrzebia Gora"]
[Date "1899-12-30"]
[Round "5.129"]
[White "Ziemniak, Piotr"]
[Black "Kielek, Andrzej"]
[Result "1-0"]
[WhiteTitle "I+"]
[BlackTitle "I++"]
[WhiteElo "1793"]
[BlackElo "1897"]

1. e4 c5 2. Nf3 d6 3. d4 cxd4 4. Nxd4 Nf6 5. Nc3 g6 6. f3 Bg7 7. Be3 Nc6 8. Qd2
h5 9. O-O-O h4 10. Kb1 Rh5 11. Be2 Nxd4 12. Bxd4 Ra5 13. Nd5 Be6 14. Nxf6+ Bxf6
15. a3 Bxd4 16. Qxd4 f6 17. f4 Qc8 18. Bd3 Qc5 19. Qxc5 Rxc5 20. Rhe1 Kf7 21.
Rd2 Rac8 22. Rf2 Bc4 23. Bxc4+ Rxc4 24. Re3 Rd4 25. c3 Rd1+ 26. Kc2 Rh1 27. h3
Rg1 28. Rd3 Rc5 29. b4 Rc7 30. Rdd2 Re1 31. Rde2 Rxe2+ 32. Rxe2 Ke6 33. Kd3 b5
34. g4 Kd7 35. Ra2 e5 36. fxe5 dxe5 37. a4 a6 38. axb5 axb5 39. Ra6 Ke7 40. Rb6
Rd7+ 41. Ke3 Rc7 42. Kd3 Rd7+ 43. Kc2 Ra7 44. Kb3 Ra1 45. Rxb5 Rh1 46. Rd5 Rxh3
47. b5 Rh1 48. Rd2 Ra1 49. Kb4 Ke6 50. Kc5 Rb1 51. c4 Ke7 52. Kc6 f5 53. gxf5
gxf5 54. exf5 Kf6 55. Rh2 Kg5 56. Kd5 Kxf5 57. Rxh4 Re1 58. Kc6 e4 59. Rh8 e3
60. Rg8 Kf4 1-0

[Event "Druzynowe Mistrzostwa Polski - II Liga 2023"]
[Site "Jastrzebia Gora"]
[Date "1899-12-30"]
[Round "5.130"]
[White "Kielbratowski, Maciej"]
[Black "Wozniak, Grzegorz"]
[Result "0-1"]
[WhiteTitle "II+"]
[BlackTitle "I"]
[WhiteElo "1687"]
[BlackElo "1638"]

1. d4 Nf6 2. c4 e6 3. Nf3 b6 4. Nc3 Bb7 5. a3 d5 6. Bg5 Be7 7. e3 O-O 8. Rc1 Nbd7
9. Bd3 dxc4 10. Bxc4 c5 11. O-O h6 12. Bh4 Rc8 13. Ba2 cxd4 14. Nxd4 Ne4 15. Bxe7
Qxe7 16. Nxe4 Bxe4 17. Qe2 Nf6 18. f3 Bb7 19. Rfd1 Rfd8 20. Bc4 Nd5 21. Nb5 Ba6
22. Bd3 Rxc1 23. Rxc1 Qd7 24. Nc3 Nxc3 25. Bh7+ Kxh7 26. Qc2+ Qd3 27. Qxc3 Qxc3
28. Rxc3 Rd1+ 29. Kf2 Rd2+ 30. Kg3 Rxb2 31. Rc7 Kg6 32. Rxa7 Bf1 33. h4 h5 34.
a4 Rxg2+ 35. Kf4 f6 36. a5 bxa5 37. Rxa5 e5+ 38. Ke4 Rh2 39. Ra1 Rxh4+ 40. Kd5
Be2 41. Rg1+ Kf7 42. Rg3 g5 43. Kd6 Rh1 44. Kd5 h4 45. Ke4 hxg3 46. Kf5 g2 47.
e4 g1=R 48. f4 Bg4# 0-1

[Event "Druzynowe Mistrzostwa Polski - II Liga 2023"]
[Site "Jastrzebia Gora"]
[Date "1899-12-30"]
[Round "5.131"]
[White "Wasik, Roman"]
[Black "Kolodziejski, Grzegorz"]
[Result "0-1"]
[WhiteTitle "I"]
[BlackTitle "II"]
[WhiteElo "1381"]
[BlackElo "1552"]

1. Nf3 c5 2. c4 Nf6 3. d4 cxd4 4. Nxd4 e5 5. Nc2 d5 6. e3 Be6 7. cxd5 Qxd5 8. Bd2
Ne4 9. f3 Nxd2 10. Nxd2 Bc5 11. Bc4 Qd7 12. Qe2 Nc6 13. Rd1 Bb6 14. Ne4 Bxc4 15.
Qxc4 Qe7 16. Nd6+ Kf8 17. O-O g6 18. Kh1 Kg7 19. f4 Rhd8 20. Ne4 Rxd1 21. Rxd1
Rd8 22. Re1 h6 23. b4 f5 24. Nc3 Rd2 25. Nd5 Qf7 26. Nxb6 Qxc4 27. Nxc4 Rxc2 28.
Na5 Nxa5 29. bxa5 Rxa2 30. Rb1 Rxa5 31. Rxb7+ Kf6 32. Kg1 Ra2 33. Rb3 e4 34. Rc3
Ke6 35. Rc6+ Kd5 36. Rxg6 Kc4 37. g4 fxg4 38. f5 Kd3 39. Rxg4 Kxe3 40. Rg3+ Kd4
41. f6 Ra5 42. Rg7 Rf5 43. Rd7+ Ke3 44. f7 a5 45. Kg2 Ke2 46. Rb7 e3 47. Kg3 Rf3+
48. Kg2 Rf5 49. Kg3 a4 50. Kg4 Rf6 51. Rb2+ Kf1 52. Ra2 e2 53. Rxa4 e1=Q 54. Rf4+
Rxf4+ 55. Kxf4 Qe7 0-1

[Event "Druzynowe Mistrzostwa Polski - II Liga 2023"]
[Site "Jastrzebia Gora"]
[Date "1899-12-30"]
[Round "5.132"]
[White "Dziopa, Malgorzata"]
[Black "Szelag, Zuzanna"]
[Result "0-1"]
[WhiteTitle "I++"]
[BlackTitle "k"]
[WhiteElo "1727"]
[BlackElo "1783"]

1. d4 Nf6 2. c4 g6 3. Nc3 Bg7 4. e4 d6 5. Nf3 O-O 6. Be2 e5 7. dxe5 dxe5 8. Qxd8
Rxd8 9. h3 h6 10. O-O Nc6 11. Be3 Nd4 12. Nd2 c6 13. Rad1 Be6 14. f3 Nxe2+ 15.
Nxe2 Rd3 16. Kf2 Rad8 17. Nc1 R3d7 18. b3 Bf8 19. Ke2 Nh5 20. Rf2 Ng3+ 21. Ke1
Be7 22. Ne2 Bh4 23. Nxg3 Bxg3 24. Ke2 Bxf2 25. Kxf2 Kg7 26. Ke2 b6 27. Rc1 f5
28. Nb1 f4 29. Bf2 g5 30. Nc3 Rd2+ 31. Ke1 Rb2 32. Rd1 Rxd1+ 33. Nxd1 Rxa2 34.
h4 g4 35. g3 gxf3 36. gxf4 Bh3 37. Nc3 Rc2 0-1

[Event "Druzynowe Mistrzostwa Polski - II Liga 2023"]
[Site "Jastrzebia Gora"]
[Date "1899-12-30"]
[Round "6.1"]
[White "Koziorowicz, Michal"]
[Black "Maciejczak, Jakub"]
[Result "0-1"]
[WhiteTitle "FM"]
[BlackTitle "FM"]
[WhiteElo "2321"]
[BlackElo "2360"]

1. e4 c6 2. d4 d5 3. e5 Bf5 4. h4 h6 5. g4 Bd7 6. c4 e6 7. Nc3 Ne7 8. c5 b6 9.
b4 a5 10. Na4 Nc8 11. Bd2 axb4 12. Bxb4 Na6 13. Bxa6 Rxa6 14. Qb3 b5 15. Nc3 Be7
16. Nf3 f6 17. Ke2 fxe5 18. Nxe5 O-O 19. g5 h5 20. Qd1 Be8 21. Qd3 Nb6 22. Rhf1
Nc4 23. f4 Rf5 24. Nd1 Nxe5 25. fxe5 Bg6 26. Rxf5 Bxf5 27. Qg3 Qe8 28. Nf2 Qg6
29. a3 Bd8 30. Nd3 Ra7 31. Kd2 Bg4 32. Rf1 Ra8 33. Qe3 Bc7 34. Nf4 Qe8 35. Ne2
Ba5 36. Nc3 Bxb4 37. axb4 Qg6 38. Qd3 Bf5 39. Qf3 Ra3 40. Qd1 Bd3 41. Rf3 Bf5
42. Rf1 Qe8 43. Rf2 Bh7 44. Rf3 Qg6 45. Ke2 Ra7 46. Qc1 Rf7 47. Rxf7 Qd3+ 48.
Kf2 Kxf7 49. Ne2 Bf5 50. Qe3 Qc2 51. Qc3 Qe4 52. Qg3 Kg8 53. Qf4 Qc2 54. g6 Bxg6
55. Qg5 Kh7 56. Ke1 Qb1+ 57. Kf2 Qxb4 58. Qe7 Qd2 59. Qg5 Qxg5 0-1

[Event "Druzynowe Mistrzostwa Polski - II Liga 2023"]
[Site "Jastrzebia Gora"]
[Date "1899-12-30"]
[Round "6.2"]
[White "Malovanyi, Yulian"]
[Black "Marczuk, Dominik"]
[Result "1/2-1/2"]
[WhiteTitle "FM"]
[BlackTitle "FM"]
[WhiteElo "2325"]
[BlackElo "2253"]

1. e4 c5 2. Ne2 Nc6 3. Nbc3 g6 4. g3 Bg7 5. Bg2 d6 6. d3 e6 7. Be3 Nd4 8. O-O Ne7
9. Qd2 O-O 10. f4 Rb8 11. Nc1 b5 12. Nd1 Qb6 13. c3 Ndc6 14. Ne2 b4 15. c4 e5
16. h3 Be6 17. Bf2 exf4 18. Nxf4 Nd4 19. Kh2 a5 20. Ne3 Rbe8 21. Bg1 Qd8 22. Nc2
Nec6 23. Nxd4 Nxd4 24. Ne2 Nxe2 25. Qxe2 Qg5 26. Be3 Qe5 27. Rf2 f5 28. Bf4 Qd4
29. Be3 1/2-1/2

[Event "Druzynowe Mistrzostwa Polski - II Liga 2023"]
[Site "Jastrzebia Gora"]
[Date "1899-12-30"]
[Round "6.3"]
[White "Chmiel, Marcin"]
[Black "Janaszak, Dawid"]
[Result "0-1"]
[WhiteTitle "k+"]
[BlackTitle "FM"]
[WhiteElo "2184"]
[BlackElo "2302"]

1. c4 e6 2. g3 d5 3. Bg2 Nf6 4. Nf3 Be7 5. O-O O-O 6. b3 d4 7. e3 c5 8. Ne5 Qc7
9. f4 Nbd7 10. Nd3 e5 11. Bb2 Rd8 12. Na3 a6 13. Nc2 Bd6 14. fxe5 Nxe5 15. Nxe5
Bxe5 16. exd4 cxd4 17. Qf3 Rb8 18. Rae1 Bg4 19. Qf2 Qd6 20. Nb4 Be6 21. c5 Qc7
22. Nd3 Ng4 23. Qf3 f6 24. Bh3 h5 25. Nf4 Bf7 26. Nxh5 Bxh5 27. Bxg4 Bf7 28. Bf5
Qxc5 29. Bd3 Qd5 30. Re4 b5 31. Qf5 Qe6 32. Qf3 Qd5 33. Ba3 Re8 34. Qf5 b4 35.
Rh4 g6 36. Qh3 f5 37. Bc4 Qd6 38. Bxf7+ Kxf7 39. Bb2 Rbc8 40. g4 f4 41. Rh7+ Kg8
42. Qh6 Qe6 43. Rxf4 Rf8 44. Rf5 Rxf5 45. gxf5 Qxf5 46. Ra7 Qg4+ 47. Kh1 Bc7 48.
Rxa6 Qe4+ 49. Kg1 Qe1+ 50. Kg2 Qe2+ 51. Kg1 Qxa6 52. Bxd4 Be5 53. Bxe5 Rc1+ 54.
Kf2 Qf1+ 55. Ke3 Qg1+ 56. Kd3 Qf1+ 57. Kd4 Qf2+ 58. Qe3 Qxe3+ 59. dxe3 Rc2 60.
h4 Kf7 61. Bd6 Rxa2 62. Kc4 Ke6 63. Bf4 Rg2 64. Kxb4 Rg4 65. Kc5 Rxh4 66. b4 g5
67. Bb8 Re4 68. b5 Rxe3 69. b6 Rc3+ 70. Kb5 Kd5 71. b7 Rb3+ 72. Ka6 Kc6 73. Bd6
Kxd6 0-1

[Event "Druzynowe Mistrzostwa Polski - II Liga 2023"]
[Site "Jastrzebia Gora"]
[Date "1899-12-30"]
[Round "6.4"]
[White "Szyszylo, Rafal"]
[Black "Dylag, Emilia"]
[Result "1/2-1/2"]
[WhiteTitle "CM"]
[BlackTitle "WFM"]
[WhiteElo "2074"]
[BlackElo "2169"]

1. e4 e5 2. Bc4 Nf6 3. Nc3 Nc6 4. d3 Na5 5. Qf3 Bc5 6. Nge2 Nxc4 7. dxc4 d6 8.
O-O Be6 9. b3 h6 10. Ng3 a5 11. Bd2 Bd4 12. Rab1 c6 13. h3 O-O 14. Rbd1 Nh7 15.
Nce2 Bc5 16. Nf5 Bxf5 17. Qxf5 Qf6 18. Ng3 Qh4 19. Kh2 g6 20. Qf3 Ng5 21. Qe2
Ne6 22. Be3 Nd4 23. Qd3 Rad8 24. f4 Ne6 25. f5 Bxe3 26. Qxe3 Qg5 27. Qxg5 Nxg5
28. h4 Nh7 29. Rd3 Nf6 30. Rfd1 gxf5 31. Nxf5 Nxe4 32. Re1 Nf6 33. Nxh6+ Kh7 34.
Nf5 d5 35. cxd5 cxd5 36. Kh3 e4 37. Rd4 Rc8 38. c4 dxc4 39. bxc4 Rfd8 40. Rd6
Rxd6 41. Nxd6 Rd8 42. Nxe4 Rd3+ 43. g3 Nxe4 44. Rxe4 Kg6 45. Re7 b6 46. Rc7 f6
47. Rc6 Rc3 48. Kg4 a4 49. h5+ Kg7 50. Kf4 a3 51. g4 Rc2 52. h6+ Kxh6 53. g5+
Kg6 54. Rxf6+ Kg7 55. Rxb6 Rxc4+ 56. Kf5 Rc5+ 57. Kg4 Rc2 58. Rb7+ Kg6 59. Rb6+
Kg7 60. Rb7+ Kg6 1/2-1/2

[Event "Druzynowe Mistrzostwa Polski - II Liga 2023"]
[Site "Jastrzebia Gora"]
[Date "1899-12-30"]
[Round "6.5"]
[White "Owoc, Jakub"]
[Black "Chmielarz, Maciej"]
[Result "0-1"]
[WhiteTitle "I+"]
[BlackTitle "I++"]
[WhiteElo "1915"]
[BlackElo "1996"]

1. e4 c6 2. d4 d5 3. f3 dxe4 4. fxe4 e5 5. Nf3 Bg4 6. c3 Nd7 7. Bc4 Bh5 8. O-O
Ngf6 9. Bg5 Be7 10. Nbd2 O-O 11. Qe1 Ng4 12. Qh4 Bxg5 13. Nxg5 Ndf6 14. Rae1 exd4
15. e5 dxc3 16. exf6 Qd4+ 17. Kh1 cxd2 18. fxg7 Nf2+ 19. Qxf2 Qxf2 0-1

[Event "Druzynowe Mistrzostwa Polski - II Liga 2023"]
[Site "Jastrzebia Gora"]
[Date "1899-12-30"]
[Round "6.6"]
[White "Kaczmarska, Joanna"]
[Black "Jedrocha, Katarzyna"]
[Result "0-1"]
[WhiteTitle "k++"]
[BlackTitle "k"]
[WhiteElo "1866"]
[BlackElo "1976"]

1. e4 c5 2. Nf3 d6 3. d4 cxd4 4. Nxd4 Nf6 5. Nc3 a6 6. Bg5 Nbd7 7. Qf3 Qc7 8. O-O-O
g6 9. Bxf6 Nxf6 10. Nd5 Nxd5 11. exd5 Bg7 12. g4 Bd7 13. Kb1 Rc8 14. c3 b5 15.
a3 Qb6 16. Qe2 O-O 17. Rg1 e5 18. dxe6 fxe6 19. Bh3 e5 20. Nf5 gxf5 21. gxf5 Rf6
22. Rg5 Kh8 23. Rd3 Bh6 24. Rh5 Rg8 25. f4 Bxf4 26. Rf3 Be8 27. Rh4 Bg5 28. Qe1
Bxh4 29. Qxh4 Qg1+ 30. Ka2 Bf7+ 31. b3 Qg5 32. Qe1 Bh5 33. Rg3 Qf4 34. Rxg8+ Kxg8
35. Qg1+ Kh8 36. Qb6 Qxh2+ 37. Ka1 Qxh3 38. Qd8+ Kg7 39. Qd7+ Bf7 0-1

[Event "Druzynowe Mistrzostwa Polski - II Liga 2023"]
[Site "Jastrzebia Gora"]
[Date "1899-12-30"]
[Round "6.7"]
[White "Grzesik, Gracjan"]
[Black "Kaczmarek, Aleksander"]
[Result "1/2-1/2"]
[WhiteTitle "k"]
[BlackTitle "FM"]
[WhiteElo "2149"]
[BlackElo "2276"]

1. c4 e5 2. Nc3 Nc6 3. Nf3 f5 4. d4 e4 5. Ng5 Bb4 6. Nh3 Nf6 7. Bd2 Nxd4 8. Nxe4
Bxd2+ 9. Nxd2 O-O 10. e3 Qe7 11. Bd3 d6 12. O-O Nc6 13. Nf4 g5 14. Nd5 Nxd5 15.
cxd5 Ne5 16. Be2 f4 17. exf4 gxf4 18. Nf3 Bg4 19. Nxe5 Bxe2 20. Qxe2 dxe5 21.
Rfe1 Rae8 22. Qc4 Qd6 23. Rac1 Re7 24. f3 Rd8 25. Qb3 Qb6+ 26. Qxb6 axb6 27. Rc4
Kf7 28. Rec1 Rdd7 29. g3 fxg3 30. hxg3 Ke8 31. Kf2 Rg7 32. Ke3 Kd8 33. Rh1 Rxd5
34. Rch4 Rdd7 35. g4 c5 36. Rh6 b5 37. R1h5 Rge7 38. Ke4 Rd4+ 39. Ke3 Ra4 40.
a3 b4 41. Rxh7 bxa3 42. bxa3 b5 43. g5 e4 1/2-1/2

[Event "Druzynowe Mistrzostwa Polski - II Liga 2023"]
[Site "Jastrzebia Gora"]
[Date "1899-12-30"]
[Round "6.8"]
[White "Szewczyk, Mariusz"]
[Black "Sokolowski, Ryszard"]
[Result "1-0"]
[WhiteTitle "k"]
[BlackTitle "k"]
[WhiteElo "2134"]
[BlackElo "1958"]

1. e4 d6 2. d4 g6 3. Be3 Bg7 4. Nc3 a6 5. Qd2 b5 6. f3 h5 7. O-O-O c6 8. h4 Nf6
9. Nh3 Bxh3 10. Rxh3 Nbd7 11. Be2 Rc8 12. Kb1 Qc7 13. Rc1 c5 14. Nd1 c4 15. c3
e5 16. Nf2 a5 17. g4 Nb6 18. g5 Nfd7 19. f4 Na4 20. Bd1 O-O 21. dxe5 dxe5 22.
f5 Ndc5 23. Bxc5 Qxc5 24. Bxa4 bxa4 25. Qe3 Qxe3 26. Rxe3 Rfd8 27. Kc2 a3 28.
b3 Bf8 29. Nd1 Bc5 30. Re2 cxb3+ 31. axb3 Kf8 32. Ne3 a4 33. bxa4 Rd7 34. fxg6
fxg6 35. Nd5 Rb7 36. Rb1 Rxb1 37. Kxb1 Ra8 38. Nc7 Rb8+ 39. Ka2 Ke7 40. Na6 Rc8
41. Nxc5 Rxc5 42. Kb3 Kd6 43. Rf2 Rc7 44. Rd2+ Kc6 45. Kxa3 Rf7 46. Rd5 Rf4 47.
Rxe5 Kd6 48. Rd5+ Kc6 49. Ra5 Rxe4 50. Ra6+ Kc5 51. Rxg6 Rxh4 52. Rg8 Kd6 53.
g6 Ke7 54. a5 Rc4 55. Kb3 Rc6 56. Kb4 h4 57. c4 h3 58. Kb5 h2 59. Rh8 Rxg6 60.
Rxh2 Rg1 61. Rd2 1-0

[Event "Druzynowe Mistrzostwa Polski - II Liga 2023"]
[Site "Jastrzebia Gora"]
[Date "1899-12-30"]
[Round "6.9"]
[White "Majewski, Krzysztof"]
[Black "Litner, Igor"]
[Result "1/2-1/2"]
[WhiteTitle "I+"]
[BlackTitle "I++"]
[WhiteElo "1903"]
[BlackElo "1954"]

1. e4 c6 2. d4 d5 3. exd5 cxd5 4. Bd3 Nc6 5. c3 Nf6 6. h3 g6 7. Nf3 Qc7 8. O-O
Bf5 9. Na3 Bxd3 10. Qxd3 a6 11. Bd2 Bg7 12. c4 O-O 13. c5 Rfe8 14. Rab1 Rad8 15.
b4 Ne4 16. b5 Nxd2 17. Qxd2 axb5 18. Nxb5 Qd7 19. Rb3 Bf8 20. Ne5 Nxe5 21. dxe5
f6 22. Qa5 Ra8 23. Qc7 Qe6 24. Qxb7 Reb8 25. Nc7 Qxe5 26. Qxd5+ Qxd5 27. Nxd5
Rd8 28. Rd1 Kf7 29. c6 Rac8 30. Rc3 e6 31. Ne3 Rxd1+ 32. Nxd1 Ke7 33. Ne3 Kd6
34. Nc4+ Kc7 35. Rc2 Ra8 36. Nd2 Ra4 37. f3 f5 38. Nb3 e5 39. Kf1 e4 40. fxe4
Rxe4 41. Nc5 Bxc5 42. Rxc5 Ra4 43. Rc2 Ra3 44. Kf2 f4 45. Kg1 g5 46. Rc5 h6 47.
Rc2 Rg3 48. Kh2 Ra3 49. h4 f3 50. hxg5 hxg5 51. g4 f2 52. Rxf2 Kxc6 53. Rd2 Kc5
54. Kg2 Kc4 55. Rd8 Kc5 56. Rg8 Kd5 57. Rxg5+ Ke6 58. Rf5 Rxa2+ 59. Kg3 Ra8 60.
Rf2 Rg8 61. Rf1 Ke5 62. Kh4 Rh8+ 63. Kg5 Rg8+ 64. Kh5 Rh8+ 65. Kg5 Rg8+ 66. Kh4
Rh8+ 67. Kg3 Rg8 68. Rf5+ Ke6 69. Kf4 Rh8 70. Ra5 Kf7 71. Kf5 Rb8 72. Ra7+ Kg8
73. g5 Rb6 74. Kg4 Rc6 75. Kh5 Rb6 76. Ra5 Rc6 77. g6 Rc1 78. Rf5 Kg7 79. Rf7+
Kg8 80. Kg4 1/2-1/2

[Event "Druzynowe Mistrzostwa Polski - II Liga 2023"]
[Site "Jastrzebia Gora"]
[Date "1899-12-30"]
[Round "6.10"]
[White "Rzeszowski, Dominik"]
[Black "Gajdzica, Maciej"]
[Result "1/2-1/2"]
[WhiteTitle "I++"]
[BlackTitle "k"]
[WhiteElo "1940"]
[BlackElo "1968"]

1. e4 e5 2. Nf3 Nc6 3. d4 exd4 4. Bc4 Nf6 5. O-O Nxe4 6. Re1 d5 7. Bxd5 Qxd5 8.
Nc3 Qd7 9. Rxe4+ Be7 10. Nxd4 f5 11. Rf4 O-O 12. Nxc6 Qxc6 13. Qd5+ Qxd5 14. Nxd5
Bd6 15. Rf3 Be6 16. Nc3 Rfe8 17. Bf4 Bxf4 18. Rxf4 Rad8 19. h3 a6 20. a3 Rd2 21.
Rc1 Bc8 22. Kf1 b5 23. Nd1 g5 24. Rf3 f4 25. Rd3 Rxd3 26. cxd3 Bf5 27. Rc3 c5
28. b4 cxb4 29. axb4 h6 30. f3 Rd8 31. Nf2 Rd4 32. Rb3 Kf7 33. Ke2 Ke7 34. Ne4
Bxe4 35. fxe4 h5 36. Kf3 h4 37. Kg4 Kf6 38. Kh5 Rd8 39. Rc3 Rd4 40. Rc6+ Ke7 41.
Kxg5 Rxd3 42. Kxf4 Rg3 43. Rxa6 Rxg2 44. Rh6 Rb2 45. Rxh4 Rxb4 46. Rg4 Rb1 47.
h4 Rh1 48. Kg5 b4 49. Rg2 b3 50. h5 Rc1 51. Rb2 Rg1+ 52. Kf5 Rf1+ 53. Kg6 Rg1+
54. Kh7 Rg4 55. Rxb3 Rxe4 56. Rg3 Kf7 57. Rf3+ Ke7 58. Rg3 Kf7 59. h6 Rf4 60.
Kh8 Rf1 61. Rg7+ Kf8 62. Rg2 Kf7 63. Kh7 Rf3 64. Rg7+ Kf8 65. Kg6 Rg3+ 66. Kf6
Rxg7 67. hxg7+ Kg8 68. Kg6 1/2-1/2

[Event "Druzynowe Mistrzostwa Polski - II Liga 2023"]
[Site "Jastrzebia Gora"]
[Date "1899-12-30"]
[Round "6.11"]
[White "Lonski, Aleksander"]
[Black "Powalka, Michal"]
[Result "1-0"]
[WhiteTitle "I"]
[BlackTitle "I++"]
[WhiteElo "1805"]
[BlackElo "1943"]

1. e4 e5 2. Nf3 Nc6 3. Bb5 a6 4. Bxc6 dxc6 5. O-O Bd6 6. d4 exd4 7. Qxd4 f6 8.
Re1 Ne7 9. Be3 Ng6 10. Nbd2 O-O 11. Nc4 Bg4 12. e5 Bxf3 13. exd6 Bd5 14. Bf4 Nxf4
15. Qxf4 Bxc4 16. Qxc4+ Kh8 17. Re7 Qxd6 18. Rae1 Rad8 19. Qg4 Rg8 20. h3 h6 21.
Rf7 Qd4 22. Qxd4 Rxd4 23. Rxc7 Rd2 24. Rxb7 Rxc2 25. Ree7 Kh7 26. a4 Kg6 27. b4
Ra2 28. a5 c5 29. bxc5 Rxa5 30. Rec7 Kf5 31. Ra7 g5 32. Rc6 g4 33. hxg4+ Rxg4
34. Raxa6 Rxa6 35. Rxa6 Rc4 36. Rc6 Ke5 37. f3 Rc2 38. Kh2 h5 39. Rc8 Kd5 40.
Rh8 Ke5 41. Rxh5+ f5 42. Kg3 Rxc5 43. Rh8 Rc2 44. Kh3 Rc1 45. Rf8 Rc3 46. Kh4
Rc1 47. Kg5 1-0

[Event "Druzynowe Mistrzostwa Polski - II Liga 2023"]
[Site "Jastrzebia Gora"]
[Date "1899-12-30"]
[Round "6.12"]
[White "Bebnik, Malgorzata"]
[Black "Krzywnicka, Maria"]
[Result "1/2-1/2"]
[WhiteTitle "I++"]
[BlackTitle "I++"]
[WhiteElo "1842"]
[BlackElo "1835"]

1. e4 c5 2. Nf3 d6 3. g3 Nc6 4. Bg2 g6 5. O-O Bg7 6. d3 e6 7. c3 Nge7 8. Qe2 O-O
9. Be3 b6 10. d4 cxd4 11. cxd4 d5 12. e5 f6 13. exf6 Bxf6 14. Nc3 Nf5 15. Rad1
Bd7 16. Rfe1 Rc8 17. Qd2 a6 18. Ne2 Nd6 19. Bf4 Nc4 20. Qc3 Be7 21. a3 b5 22.
Bc1 b4 23. Qd3 N6a5 24. Nf4 Rf6 25. Ne5 Ba4 26. Ng4 Rxf4 27. Bxf4 Bxd1 28. Qxd1
Rc6 29. Bh3 Nxb2 30. Qe2 Nac4 31. Nh6+ Kf8 32. Bxe6 Bf6 33. axb4 g5 34. Qg4 Qe7
35. Nf5 Rxe6 36. Nxe7 Rxe1+ 37. Kg2 Bxe7 38. Qf5+ Ke8 39. Qc8+ Kf7 40. Qf5+ Ke8
41. Qc8+ Kf7 42. Qf5+ Ke8 43. Bxg5 Bxb4 44. Qxd5 a5 45. Qg8+ Kd7 46. Qxh7+ Kc6
47. Qf5 Rd1 48. Qe4+ Kb5 49. Qe8+ Ka6 50. Qa8+ Kb6 51. Qd5 Kc7 52. h4 Bc3 53.
Bf4+ Kb6 54. Qc5+ Kb7 55. Qc7+ Ka6 56. Qc6+ Ka7 57. Qc7+ Ka6 58. Qc6+ Ka7 59.
d5 a4 60. d6 a3 61. Qc7+ Ka6 62. Qc6+ Ka7 63. Qc7+ Ka6 64. Qc6+ Ka7 65. d7 Ba5
66. Qc5+ Bb6 67. Qc8 a2 68. Bb8+ Ka8 69. Bc7+ Ka7 70. Bb8+ Ka8 71. Bd6+ Ka7 72.
Bb8+ Ka8 73. Bd6+ Ka7 74. Bb8+ Ka8 1/2-1/2

[Event "Druzynowe Mistrzostwa Polski - II Liga 2023"]
[Site "Jastrzebia Gora"]
[Date "1899-12-30"]
[Round "6.13"]
[White "Mickiewicz, Piotr"]
[Black "Taranowicz, Michal"]
[Result "1-0"]
[WhiteTitle "m"]
[BlackTitle "k"]
[WhiteElo "2255"]
[BlackElo "2092"]

1. c4 e5 2. Nc3 Nc6 3. g3 f5 4. Bg2 Nf6 5. e3 d5 6. Nxd5 Nxd5 7. cxd5 Nb4 8. d3
Nxd5 9. Nf3 Bd6 10. O-O Be6 11. e4 fxe4 12. Ng5 Qd7 13. Nxe6 Qxe6 14. Qb3 c6 15.
Qxb7 O-O 16. Qxc6 Rac8 17. Bh3 Qxh3 18. Qxd5+ Kh8 19. Qxd6 exd3 20. Qxd3 Rcd8
21. Qe4 h5 22. Bg5 Rd4 23. Qxe5 Rg4 24. Rad1 Kh7 25. f3 Rc4 26. b3 Rf5 27. Qe6
Rc2 28. Rd2 Rcc5 29. Rd6 Rc2 30. Qg6+ Kg8 31. Rd8+ Rf8 32. Rxf8+ Kxf8 33. Qxc2
1-0

[Event "Druzynowe Mistrzostwa Polski - II Liga 2023"]
[Site "Jastrzebia Gora"]
[Date "1899-12-30"]
[Round "6.14"]
[White "Kozlowski, Michal"]
[Black "Kosiorek, Marek"]
[Result "1/2-1/2"]
[WhiteTitle "I++"]
[BlackTitle "m"]
[WhiteElo "2048"]
[BlackElo "2259"]

1. e4 c5 2. Nf3 a6 3. c4 d6 4. d4 cxd4 5. Nxd4 g6 6. Nc3 Bg7 7. Be3 Nf6 8. Be2
O-O 9. O-O Nc6 10. Qd2 Bd7 11. f3 Nxd4 12. Bxd4 Bc6 13. b4 Bd7 14. Rfd1 Be6 15.
Na4 Nd7 16. Bxg7 Kxg7 17. Qd4+ Kg8 18. f4 Qc7 19. Rac1 a5 20. b5 Rac8 21. f5 gxf5
22. exf5 Bxf5 23. Rc3 Bg6 24. Rg3 Ne5 25. Nb6 Rce8 26. Ra3 f6 27. Rxa5 Kh8 28.
Ra7 Rg8 29. Nd5 Qc8 30. Ra3 Bf7 31. Nb6 Qc7 32. Rc3 Rg5 33. a4 Reg8 34. g3 1/2-1/2

[Event "Druzynowe Mistrzostwa Polski - II Liga 2023"]
[Site "Jastrzebia Gora"]
[Date "1899-12-30"]
[Round "6.15"]
[White "Maciaga, Marcin"]
[Black "Kitewski, Bartosz"]
[Result "1-0"]
[WhiteTitle "k++"]
[BlackTitle "I++"]
[WhiteElo "2123"]
[BlackElo "1967"]

1. c4 e5 2. Nc3 Nf6 3. e3 Bb4 4. Nge2 O-O 5. a3 Bxc3 6. Nxc3 Nc6 7. Be2 d5 8. cxd5
Nxd5 9. Qc2 Be6 10. O-O Qe7 11. b4 a6 12. Bb2 Rad8 13. Na4 Bc8 14. Nc5 Rd6 15.
Bf3 Rfd8 16. Rfe1 Qg5 17. Ne4 Qg6 18. d3 R6d7 19. Qb3 b6 20. Rac1 Nde7 21. Rc3
Nd5 22. Rc2 Nde7 23. Be2 Kh8 24. Bf1 f5 25. Nd2 Bb7 26. Rec1 Rxd3 27. Bc3 R3d6
28. Nf3 Rd5 29. Qb2 Rd1 30. Rxd1 Rxd1 31. Rd2 Rxd2 32. Qxd2 Qd6 33. Qb2 Ng6 34.
h4 h5 35. Qe2 Nf8 36. Ng5 Qg6 37. a4 Nd7 38. Qc4 Qe8 39. b5 axb5 40. axb5 Ne7
41. Qxc7 Nd5 42. Qxb7 Nxc3 43. Qc6 Na4 44. Bc4 Nac5 45. Bf7 Qb8 46. Qg6 Nf6 47.
Qxf5 Qd8 48. Bxh5 Qb8 49. Nf7+ Kg8 50. Nxe5 Qa8 51. Be2 Qa1+ 52. Kh2 Qa8 53. Bc4+
Kf8 54. Ng6+ Ke8 55. Qe5+ Kd7 56. Qe7+ Kc8 57. Qf8+ 1-0

[Event "Druzynowe Mistrzostwa Polski - II Liga 2023"]
[Site "Jastrzebia Gora"]
[Date "1899-12-30"]
[Round "6.16"]
[White "Slawinski, Miroslaw"]
[Black "Syrkiewicz, Michal"]
[Result "0-1"]
[WhiteTitle "k"]
[BlackTitle "k"]
[WhiteElo "1905"]
[BlackElo "2041"]

1. d4 d5 2. c4 dxc4 3. e3 Nf6 4. Bxc4 e6 5. Nf3 c5 6. O-O a6 7. a4 Nc6 8. Nc3 Be7
9. Qd3 Nb4 10. Qe2 cxd4 11. exd4 O-O 12. Bg5 b6 13. Rfe1 Bb7 14. Ne5 Nfd5 15.
Bxe7 Qxe7 16. Nxd5 Nxd5 17. Bxd5 Bxd5 18. Rec1 Qg5 19. g3 Rfc8 20. f4 Qd8 21.
Rc3 Bb7 22. Rd1 Qd5 23. Kf2 b5 24. Rd2 Rxc3 25. bxc3 Rc8 26. Qf3 Qxf3+ 27. Nxf3
Rxc3 28. Ne1 bxa4 29. Nc2 a3 30. d5 a2 31. dxe6 Rxc2 32. Rxc2 a1=Q 33. e7 Qd4+
34. Ke1 Qb4+ 0-1